Hong Kong Life Tables 1998-2033

Na minha lista:
Detalhes bibliográficos
Formato: Livro
Idioma:chinês
Publicado em: Hongkong Census and Statistics Department 2004
Assuntos:
Tags: Adicionar Tag
Sem tags, seja o primeiro a adicionar uma tag!

MARC

LEADER 00000nam$a2200000$$$4500
001 0019761
005 20260119104806.1
041 0 |a chi 
044 |a HK 
245 1 0 |a Hong Kong Life Tables 1998-2033 
264 1 |a Hongkong  |b Census and Statistics Department  |c 2004 
300 |a 61 s. 
610 2 0 |a Hongkong 
610 2 0 |a obyvateľstvo 
610 2 0 |a populácia 
610 2 0 |a demografia 
610 2 0 |a vývoj populačný 
610 2 0 |a prognózy demografické